Príprava výstavby priemyselných parkov

Prínos a projekty priemyselných parkov na Slovensku. Podpora vlády pri zriaďovaní priemyselných parkov.

Salvato in:
Dettagli Bibliografici
Autore principale: Mikovínyová, Ružena
Natura: Capitolo di libro
Lingua:slovacco
Soggetti:
Tags: Aggiungi Tag
Nessun Tag, puoi essere il primo ad aggiungerne!!

MARC

LEADER 00000naa a2200000 4500
001 r041014
005 20230720102258.5
041 0 |a slo 
044 |a SK 
245 1 0 |a Príprava výstavby priemyselných parkov  |c Ružena Mikovínyová 
520 |a Prínos a projekty priemyselných parkov na Slovensku. Podpora vlády pri zriaďovaní priemyselných parkov. 
610 2 0 |a parky priemyselné 
610 2 0 |a parky vedeckotechnické 
610 2 0 |a podpora podnikania 
610 2 0 |a investori 
610 2 0 |a regióny 
610 2 0 |a programy rozvojové 
610 2 0 |a investície zahraničné 
610 2 0 |a Slovensko 
100 1 |a Mikovínyová, Ružena